00486nam a2200193Ia 4500008004100000020001800041050001400059100001900073245002500092245002700117245004700144260001500191260001600206260000900222300001600231300002700247300001000274500000800284170918s9999 xx 000 0 und d a9780439419017 bJ735 2001 aJohnston, Tony aAny small goodness : ba novel of the bario / cTony Johnston ; illustrated by Raul Colon. aNew York : bScholastic, c2001 a128 pages : bcolored illustration ; c19cm. a600